00491 2200193 4500001002100000005001500021008004100036020001800077035001900095041000700114082000800121090001400129100001300143245005200156260003100208300003200239500001100271650001500282INLIS00000000000204120241224112449241224||||||||| | ||| |||| || |  a979-26-7130-7 0010-1224002041 aid0 a502 a502 WAH s0 aWahyudin00aSets Science, Environment, Technology & Society aJakartabArman Deltac2007 a214 hlm.; ilus.: 21 x 29 cm aCet. 3 0aIlmu Murni